000 00569nam a22001817a 4500
005 20240115145347.0
010 _aENG-138899
020 _a9788126933372
_c1895.00
035 _aEN-122431
037 _bDBAD/PUB
082 _a570
245 _aElements of ICMR-JRF Life Science/
_bedited by Debasish Kar
260 _c2023
_bAtlantic Publishers
_aNew Delhi
270 _a7/22, Ansari Road, Darya Ganj,
_bNew Delhi
_e110002
300 _c28cm(hbk)
_a690p.
500 _aIncludes bibliographical references and index
942 _cEN
_2ddc
_mELE
_h570
999 _c200129
_d200129